000 00500nam a2200133Ia 4500
008 170221s9999 xx 000 0 und d
100 _aDempsey, Stephen J.
245 _aCore Earnings Uncertainty, Dividend Change Announcements and the Reduction of Covariance Component Risks (pages 1075–1120)
245 _cStephen J. Dempsey, David M. Harrison and Hainan Sheng
260 _c2014
300 _a3 : 3
650 _xBusiness
856 _uhttp://onlinelibrary.wiley.com/doi/10.1111/jbfa.12129/pdf
999 _c313205
_d313205